书目信息 |
| 题名: |
制冷装置自动化
|
|
| 作者: | 陈芝久 , 吴静怡 著 | |
| 分册: | ||
| 出版信息: | 北京 机械工业出版社 2010.04 |
|
| 页数: | 284页 | |
| 开本: | 26cm | |
| 丛书名: | ||
| 单 册: | ||
| 中图分类: | TB657 | |
| 科图分类: | ||
| 主题词: | 制冷--设备 | |
| 电子资源: | ||
| ISBN: | 978-7-111-28785-8 | |
| 000 | 01025nam0 2200277 450 | |
| 001 | 0100050770 | |
| 005 | 20201102145945.86 | |
| 010 | @a978-7-111-28785-8@dCNY34.00 | |
| 100 | @a20020101d2010 km y0chiy0120 ea | |
| 101 | 0 | @achi |
| 102 | @aCN@b110000 | |
| 105 | @ay a 000yy | |
| 200 | 1 | @a制冷装置自动化@Azhi leng zhuang zhi zi dong hua@f陈芝久,吴静怡著@Fchen zhi jiu wu jing yi zhu |
| 205 | @a第2版 | |
| 210 | @a北京@c机械工业出版社@d2010.04 | |
| 215 | @a284页@d26cm | |
| 300 | @a普通高等教育“十一五”国家规划教材 | |
| 330 | @a本书的第一、二章以自动控制经典理沦为基础,结合制冷空调特点,介绍了调节对象、发信器、执行器特性,以及调节器的调节规律;第三,四章详细介绍了各种制冷装置与空调系统的自动控制基本回路与自动控制元件;第五章主要介绍了制冷装置的计算机控制系统。 | |
| 540 | @a制冷装置自动化 | |
| 606 | 0 | @a制冷@x设备 |
| 690 | @aTB657@v4 | |
| 701 | 0 | @a陈芝久@Achen zhi jiu@4著 |
| 701 | 1 | @a吴静怡@Awu jing yi@4著 |
| 801 | 0 | @aCN@bDYGS@c20101108 |
| 901 | @a211986 | |
| 905 | @b1075831@dTB657@eC650@f1 | |
| 制冷装置自动化/陈芝久,吴静怡著.-第2版.-北京:机械工业出版社,2010.04 |
| 284页;26cm |
| 普通高等教育“十一五”国家规划教材 |
| ISBN 978-7-111-28785-8:CNY34.00 |
| 本书的第一、二章以自动控制经典理沦为基础,结合制冷空调特点,介绍了调节对象、发信器、执行器特性,以及调节器的调节规律;第三,四章详细介绍了各种制冷装置与空调系统的自动控制基本回路与自动控制元件;第五章主要介绍了制冷装置的计算机控制系统。 |
| ● |
| 相关链接 |
|
|
|
正题名:制冷装置自动化
索取号:TB657/C650
 
预约/预借
| 序号 | 登录号 | 条形码 | 馆藏地/架位号 | 状态 | 备注 |
| 1 | 1501855 | 215018558 | 自科库501/501自科库 18排2列4层/ [索取号:TB657/C650] |
已借出,限还日期为2026.11.08 借出人:刘恒圆 |
|
| 2 | 486264 | 204862648 | 能源与建筑环境工程学院资料室/ [索取号:TB657/C650] | 在馆 | |
| 3 | 496757 | 204967571 | 自科库501/501自科库 18排2列4层/ [索取号:TB657/C650] |
已借出,限还日期为2026.11.01 借出人:鞠睿 |